000 00323nam a22001337a 4500
008 170808b xxu||||| |||| 00| 0 eng d
020 _a0829902473
041 _aeng
080 _a004
100 _a34
101 _aSHK
245 _aCOMPUTERS AND DATA PROCESSING CONCEPTS AND APPLICATIONS
_cMANDELL,S.L
942 _2udc
_cBK
999 _c22883
_d22883